Statistics for NBA Players from Syracuse

Click here to take the quiz!

General Stats

  • This quiz has been taken 120 times
    (47 since last reset)
  • The average score is 16 of 56

Answer Stats

PositionPlayerDraft Year% Correct
FCarmelo Anthony2003
98%
FCDerrick Coleman1990
61%
CFab Melo2012
57%
SFB.J. Johnson2018
55%
SGBuddy Boeheim2022
55%
FDave Johnson1992
55%
GFWesley Johnson2010
55%
PGJonny Flynn2009
50%
GPearl Washington1986
48%
PFRakeem Christmas2015
48%
PGTyler Ennis2014
48%
FJerami Grant2014
45%
FHakim Warrick2005
43%
PFCole Swider2022
41%
GDave Bing1966
41%
SFElijah Hughes2020
39%
SFMalachi Richardson2016
39%
PGMichael Carter-Williams2013
36%
PGSherman Douglas1989
36%
PFTyler Lydon2017
36%
FAndrew White2017
34%
PFOShae Brissett2019
34%
CRony Seikaly1988
34%
SFBilly Owens1991
32%
PFJohn Wallace1996
32%
CEtan Thomas2000
30%
GStevie Thompson1990
30%
GAndy Rautins2010
27%
GLawrence Moten1995
27%
FLeo Rautins1983
27%
FLouis Orr1980
25%
SGDion Waiters2012
23%
FDonte Greene2008
23%
SFMichael Gbinije2016
23%
PFChris McCullough2015
20%
CDanny Schayes1981
20%
FJames Southerland2013
20%
GJason Hart2000
20%
SFRafael Addison1986
18%
PFArinze Onuaku2010
16%
SFKris Joseph2012
16%
FDamone Brown2001
14%
CDarryl Watkins2007
11%
GDennis DuVal1974
11%
FEddie Miller1952
11%
PFRudy Hackett1975
11%
SGBill Gabor1948
9%
SFDemetris Nichols2007
9%
SFMarty Byrnes1978
9%
FFrank Reddout1953
5%
SFFred Saunders1974
5%
GJack Kiley1951
5%
CLeRon Ellis1991
5%
GLou SpicerN/A
5%
CRich Manning1993
5%
GSaul Mariaschin1947
5%

Score Distribution

Percentile by Number Answered

Percent of People with Each Score

Your Score History

You have not taken this quiz since the last reset